| 000 | 00599nam a2200241Ia 4500 | ||
|---|---|---|---|
| 005 | 20260320201003.0 | ||
| 008 | 008 262003s9999 xx 000 0 eng d | ||
| 037 | _aEBOOK | ||
| 040 | _aCRL | ||
| 040 | _beng | ||
| 040 | _cCRL | ||
| 041 | _2eng | ||
| 041 | _aeng | ||
| 084 | _qCRL | ||
| 100 | _aMiddleton | ||
| 245 | 3 | _aAn Introduction to Statistical Communication Theory: An IEEE Press Classic Reissue | |
| 260 | _bIEEE | ||
| 260 | _c1996 | ||
| 856 | _uhttps://ieeexplore.ieee.org/servlet/opac?bknumber=5264949 | ||
| 942 | _cEBOOK | ||
| 999 |
_c1718108 _d1718108 |
||